000 00654nam a2200241Ia 4500
003 OSt
005 20220925220848.0
006 a|||||r|||| 00| 0
007 ta
008 220923b |||||||| |||| 00| 0 eng d
037 _cGeneral Book
040 _aRTL
_cRTL
_beng
041 _2eng
_aeng
082 _aY9(W81), M4
100 _aTaylor Stan
_9123633
245 0 _aSocial science and revolutions
260 _aLondon
_bMacmillan Press
_c1984
300 _ax,176p
_ccm.
500 _aBibliography: p 159-167
650 _aPolitical Sociology
942 _hY9(W81), M4
_cGB
_2CC
999 _c572725
_d572725